000 00691nam a2200253Ia 4500
003 OSt
005 20221005084901.0
006 a|||||r|||| 00| 0
007 ta
008 221004b |||||||| |||| 00| 0 eng d
020 _a0521346606
024 _a20967
037 _cTextual
040 _aCRL
_cCRL
_beng
041 _2eng
_aeng
082 _aY7:1.8'N, N8
100 _aCowlishaw Gillian
_9613686
245 0 _aBlack, white or brindle
_b Race in rural Australia
260 _aNew York
_bCambridge University Press USa
_c1900
300 _a206 p.
_ccm.
650 _aSOCIOLOGY
942 _hY7:1.8'N, N8
_cTEXL
_2cc
999 _c993277
_d993277